Problems of cosmogony and stellar dynamics /

Bibliographic Details
Main Author: Jeans, James, 1877-1946
Format: Book
Language:English
Published: Cambridge : University Press, 1919.
Subjects:

MARC

Tag First Indicator Second Indicator Subfields
LEADER 00000cam a2200000 4500
001 in00000044113
005 20151007070957.0
008 750404s1919 enkaf 00010 eng u
010 |a  20009684  
035 |a (OCoLC)01252946 
035 |9 AAE5075AM 
040 |c SNN  |d TXA  |d UtOrBLW 
049 |a TXAM  |c [32763] 
050 0 0 |a QB981  |b .J4 
092 |a 523.12  |b J43p 
100 1 |a Jeans, James,  |d 1877-1946. 
245 1 0 |a Problems of cosmogony and stellar dynamics /  |c by J. H. Jeans ... being an essay to which the Adams prize of the University of Cambridge for the year 1917 was adjudged. 
264 1 |a Cambridge :  |b University Press,  |c 1919. 
300 |a vii, 1 unnumbered page, 293 pages :  |b V plate, diagrams ;  |c 27 cm. 
336 |a text  |b txt  |2 rdacontent 
337 |a unmediated  |b n  |2 rdamedia 
338 |a volume  |b nc  |2 rdacarrier 
650 0 |a Cosmogony. 
650 0 |a Nebular hypothesis. 
650 0 |a Stars. 
730 0 |a Adams prize essay. 
740 0 |a Stellar dynamics. 
999 |a MARS 
999 f f |s 0e29e506-b9ea-367f-8c6b-98c2baf53ec1  |i bd4c12c2-f27d-3241-9ef4-ae5b6cf148b7  |t 0 
952 f f |p normal  |a Texas A&M University  |b College Station  |c Sterling C. Evans Library  |d Evans: Library Stacks  |t 0  |e QB981 .J4  |h Library of Congress classification  |i unmediated -- volume  |m A14800901148 
998 f f |a QB981 .J4  |t 0  |l Evans: Library Stacks